<An> Introduction to Business Decision Making Text and Cases
Gespeichert in:
| Format: | Buch |
|---|---|
| Sprache: | Englisch |
| Veröffentlicht: |
Ontario
Nelson
1988
|
| Ausgabe: | 3. ed. |
| Schlagworte: | |
| Tags: |
Keine Tags, Fügen Sie das erste Tag hinzu!
|
MARC
| LEADER | 00000nam a2200000 4500 | ||
|---|---|---|---|
| 001 | c006066 | ||
| 005 | 20221206134302.9 | ||
| 020 | |a 0-17-603449-8 | ||
| 041 | 0 | |a eng | |
| 044 | |a CA | ||
| 245 | 1 | 0 | |a <An> Introduction to Business Decision Making |b Text and Cases |
| 250 | |a 3. ed. | ||
| 264 | 1 | |a Ontario |b Nelson |c 1988 | |
| 300 | |a 569 s. | ||
| 610 | 2 | 0 | |a podnikanie |
| 610 | 2 | 0 | |a manažment |
| 610 | 2 | 0 | |a zdroje ľudské |
| 610 | 2 | 0 | |a vzťahy výrobné |
| 610 | 2 | 0 | |a marketing |
| 610 | 2 | 0 | |a Kanada |
| 610 | 2 | 0 | |a rozhodovanie podnikové |
| 610 | 2 | 0 | |a štúdie prípadové |
| 610 | 2 | 0 | |a produkcia |